000 00390nam a2200145Ia 4500
008 210210b1973 xxu||||| |||| 00| 0 eng d
082 _a324.254075 SINC
100 _aSINGH (Satindra).
245 _aCommunists in congress Kumaramangalam's Thesis.
260 _aDelhi
_bD K Publishing House
_c1973
300 _a92
650 _aCommunists
690 _aPolitical Process
906 _a031930
999 _c82954
_d82954